Eastern Utah Libraries Catalog: Duchesne, Heber, Roosevelt, & Vernal

Light and air / (Record no. 394925)

MARC details
000 -LEADER
fixed length control field 01594pam a2200421 i 4500
001 - CONTROL NUMBER
control field BK0030533212
003 - CONTROL NUMBER IDENTIFIER
control field DLC
005 - DATE AND TIME OF LATEST TRANSACTION
control field 20240329155508.0
008 - FIXED-LENGTH DATA ELEMENTS--GENERAL INFORMATION
fixed length control field 230823s2024 nyu c 000 1 eng
010 ## - LIBRARY OF CONGRESS CONTROL NUMBER
LC control number 2023015465
020 ## - INTERNATIONAL STANDARD BOOK NUMBER
International Standard Book Number 9780823454433 : HRD
Terms of availability 18.99
020 ## - INTERNATIONAL STANDARD BOOK NUMBER
International Standard Book Number 0823454436 : HRD
Terms of availability 18.99
Qualifying information (hardcover)
037 ## - SOURCE OF ACQUISITION
Source of stock number/acquisition Penguin Distribution Childrens, Attn: Order Processing 405 Murray Hill Pkwy, East Rutherford, NJ, USA, 07073-2136
Note SAN 201-3975
040 ## - CATALOGING SOURCE
Original cataloging agency DLC
Language of cataloging eng
Description conventions rda
Transcribing agency DLC
Modifying agency IMmBT
050 00 - LIBRARY OF CONGRESS CALL NUMBER
Classification number PZ7.1.W43573
Item number Li 2024
082 00 - DEWEY DECIMAL CLASSIFICATION NUMBER
Classification number [Fic]
Edition number 23
092 ## - LOCALLY ASSIGNED DEWEY CALL NUMBER (OCLC)
Classification number FIC
100 1# - MAIN ENTRY--PERSONAL NAME
Personal name Wendell, Mindy Nichols,
Relator term author.
9 (RLIN) 6484687
245 10 - TITLE STATEMENT
Title Light and air /
Statement of responsibility, etc Mindy Nichols Wendell.
250 ## - EDITION STATEMENT
Edition statement First edition.
264 #1 - Production, Publication, Distribution, Manufacture, and Copyright Notice.
Place of production, publication, distribution, manufacture New York :
Name of producer, publisher, distributor, manufacturer Holiday House,
Date of production, publication, distribution, manufacture, or copyr [2024]
300 ## - PHYSICAL DESCRIPTION
Extent 188 pages ;
Dimensions 22 cm
336 ## - Content Type
Content type term text
337 ## - Media type
Media type term unmediated
338 ## - Carrier type
Carrier type term volume
521 ## - TARGET AUDIENCE NOTE
Target audience note Ages 8-12
Source Holiday House
521 ## - TARGET AUDIENCE NOTE
Target audience note Grades 4-6
Source Holiday House
520 ## - SUMMARY, ETC.
Summary, etc "Halle and her mother find unexpected solace on a tuberculosis ward in 1930s upstate New York"--
-- Provided by publisher.
655 #7 - INDEX TERM--GENRE/FORM
Genre/form data or focus term Historical fiction.
Source of term lcgft
655 #7 - INDEX TERM--GENRE/FORM
Genre/form data or focus term Medical fiction.
Source of term lcgft
9 (RLIN) 5694003
655 #7 - INDEX TERM--GENRE/FORM
Genre/form data or focus term Novels.
Source of term lcgft
650 #1 - SUBJECT ADDED ENTRY--TOPICAL TERM
Topical term or geographic name as entry element Mothers and daughters
Form subdivision Fiction.
9 (RLIN) 5673712
650 #1 - SUBJECT ADDED ENTRY--TOPICAL TERM
Topical term or geographic name as entry element Tuberculosis
Form subdivision Fiction.
9 (RLIN) 5706387
650 #1 - SUBJECT ADDED ENTRY--TOPICAL TERM
Topical term or geographic name as entry element Hospitals
Form subdivision Fiction.
9 (RLIN) 5706388
650 #1 - SUBJECT ADDED ENTRY--TOPICAL TERM
Topical term or geographic name as entry element Quarantine
Form subdivision Fiction.
9 (RLIN) 5724228
650 #1 - SUBJECT ADDED ENTRY--TOPICAL TERM
Topical term or geographic name as entry element Self-realization
Form subdivision Fiction.
9 (RLIN) 5678607
651 #1 - SUBJECT ADDED ENTRY--GEOGRAPHIC NAME
Geographic name Upstate New York (N.Y.)
General subdivision History
Chronological subdivision 20th century
Form subdivision Fiction.
9 (RLIN) 6484688
Holdings
Withdrawn status Lost status Source of classification or shelving scheme Damaged status Not for loan Collection code Home library Current library Shelving location Date acquired Source of acquisition Total Checkouts Total Renewals Full call number Barcode Checked out Date last seen Date checked out Cost, replacement price Price effective from Koha item type
    Dewey Decimal Classification     Junior Fiction Wasatch County Library Wasatch County Library Main Floor Junior Area 10/27/2025 Amazon 2 3 J Wendell 34301002171157 04/29/2026 03/03/2026 03/03/2026 18.99 10/27/2025 BOOK
This project was made possible through a grant from the Institute of Museum and Library Service administered by the Utah State Library Division.

Wasatch County Library

  • 465 East 1200 South, Heber City, Utah 84032
  • Phone 435-654-1511 | Fax 435-654-6456

Hours

  • Monday - Friday 9:30 AM - 8:00 PM
  • Saturday 9:30 AM - 1:30 PM
  • Closed Sundays and Holidays